00518 a2200157 4500020001000000035001300010037004300023082000600066100002600072245005900098260004000157270008800197300002400285490002600309500002500335 c75.00 aB-211065 bRP-PV-4 / PANSY-07-08:5 / RP-07-08:ENG14aN1 aGardner, Erle Stanley1 aThe case of the singing skirtcby Erle Stanley Gardner aBangalorebMaster Mind Booksc2006r aNo. 25, Vasan Towers, Dr. TCM Royan Raode560053k080-26705679mvasanbks@bgl.net.in a180 pc18 cm (pbk) aA perry mason mystery aThis is reprint 2006